Europe Map City Grid - Statistics

General Stats
  • This quiz has been taken 2,388 times
  • The average score is 36 of 64
Answers on the Map
Answers color-coded by a green-red scale on the quiz's map according to % correct below.
 
Answer Stats
Answer % Correct
(empty)
100%
(empty)
100%
(empty)
100%
(empty)
100%
(empty)
100%
(empty)
100%
(empty)
100%
(empty)
100%
London
94%
Berlin
90%
Madrid
90%
Oslo
90%
Rome
90%
Stockholm
87%
Barcelona
85%
Helsinki
83%
Dublin
82%
Kyiv
82%
Athens
81%
Milan
80%
Vienna
77%
Moscow
75%
Hamburg
73%
Naples
72%
Warsaw
70%
Bucharest
69%
Lisbon
69%
Reykjavik
69%
Saint Petersburg
69%
Sofia
69%
Riga
66%
Minsk
63%
Seville
60%
Lyon
59%
Porto
57%
Cologne
55%
Palermo
54%
Gdansk
52%
Birmingham
49%
Cork
46%
Odessa
45%
Bergen
41%
Trondheim
36%
Murmansk
31%
Tromso
31%
Kharkiv
30%
Nantes
30%
Newcastle
30%
Oulu
29%
Rostov
28%
Varna
23%
Murcia
21%
Galway
20%
Arkhangelsk
16%
Bodo
13%
Akureyri
12%
Torshavn
10%
Rhodes
9%
Sochi
8%
Alta
5%
Kuopio
3%
Vologda
3%
Marsala
1%
Vestmannaeyjar
0%
No matching quizzes found
Score Distribution
Percent of People with Each Score
Percentile by Number Answered
Your Score History
You have not taken this quiz